| Поле | Название | Значение |
| |
Тип записи |
a |
| |
Библиографический уровень |
a |
| 001 |
Контрольный номер |
RU/УОНБ/EK_KRAY/320897095 |
| 005 |
Дата корректировки |
20240214152017.0 |
| 100 |
Данные общей обработки |
__ |
| a |
Данные общей обработки |
20030817d2003 u u0rusy0103 ba |
| 101 |
Язык документа |
0_ |
| a |
Язык текста |
rus |
| 200 |
Заглавие и сведения об ответственности |
1_ |
| a |
Заглавие |
Перечень орг. федерального ж.-д. транспорта, имущество которого предлагается к внесению в уставной капитал един. хоз. субъекта на ж.-д. транспорте |
| e |
Сведения, относящиеся к заглавию |
постановление Правительства Рос. Федерации от 30.06.03 г. |
| 210 |
Выходные данные |
1_ |
| d |
Дата издания |
2003 |
| 330 |
Аннотация |
__ |
| a |
Аннотация |
Гос. унитар. предприятие "Инзен. отд. рабочего снабжения гос. унитар. предприятия Дорож. центра рабочего снабжения Куйбышев. ж. д.". Дочер. предприятие гос. унитар. предприятия Дорож. центра рабочего снабжения Куйбышев. ж.д. Ульян. отд. рабочего снабжения Куйбышев. ж.д. Гос. учреждение здравоохранения "Узловая поликлиника на ст. Бугульма" Федер. гос. унитар. предприятия "Куйбышев. ж. д." Гос. учреждение здравоохранения "Отд. больница на ст. Ульяновск". |
| 461 |
Уровень набора |
_0 |
| 1 |
|
2001 |
| a |
|
Собрание законодательства Российской Федерации |
| 463 |
Уровень физической единицы |
_0 |
| 1 |
|
2000 |
| a |
|
N 27. |
| v |
|
С. 6744-6827. |
| 1 |
|
210 |
| d |
|
2003 |
| 607 |
Географические рубрики |
0_ |
| a |
Географическое наименование |
Инза, город (Инзенский район ; Ульяновская область) |
| 610 |
Ключевые слова |
0_ |
| a |
Ключевые слова |
железная дорога |
| 610 |
Ключевые слова |
0_ |
| a |
Ключевые слова |
унитарное предприятие |
| 686 |
Индексы других классификаций |
__ |
| a |
Классификационный индекс |
0Б(2) |
| 2 |
Код системы |
rubbk |
| 801 |
Источник записи |
_0 |
| a |
Страна |
RU |
| b |
Организация |
Ульяновская ОНБ |
| c |
Дата составления |
20030817 |
| g |
Правила каталогизации |
PSBO |
| 801 |
Источник записи |
_1 |
| a |
Страна |
RU |
| b |
Организация |
Ульяновская ОНБ |
| c |
Дата составления |
20030817 |
| 901 |
Тип документа |
__ |
| t |
Тип документа |
b |
| 938 |
Служебная информация |
__ |
| a |
Имя БД |
kraeved_work |
| b |
Имя библиотеки |
УОНБ |
| c |
Имя АИБС |
МАРК-SQL |
| d |
Номер DOC_ID в БД |
41020 |